[Event "Olympiad-37"]
[Site "Turin"]
[Date "2006.06.03"]
[Round "12"]
[White "Azarov, Sergei Nikolaevich"]
[Black "Nedev, Trajce"]
[Result "1/2-1/2"]
[WhiteElo "2592"]
[BlackElo "2516"]
[Annotator "Rogozenco,D"]
[PlyCount "64"]
[EventDate "2006.05.21"]
[EventType "team-swiss"]
[EventRounds "13"]
[EventCountry "ITA"]
[SourceTitle "CBM 113"]
[Source "ChessBase"]
[SourceDate "2006.07.31"]
[SourceVersion "1"]
[SourceVersionDate "2006.07.31"]
[SourceQuality "1"]
[WhiteTeam "Belarus"]
[BlackTeam "Macedonia"]
[WhiteTeamCountry "BLR"]
[BlackTeamCountry "MKD"]

1. e4 c5 2. Nf3 Nc6 3. d4 cxd4 4. Nxd4 Nf6 5. Nc3 e5 6. Ndb5 d6 7. Bg5 a6 8.
Na3 b5 9. Bxf6 gxf6 10. Nd5 f5 11. c3 Bg7 12. exf5 Bxf5 13. Nc2 Be6 14. a4 ({
The main continuation} 14. g3 {leads to double-edged positions.}) 14... O-O 15.
axb5 axb5 16. Rxa8 Qxa8 17. Nce3 {This variation is one of the attempts for
White to achieve a safe plus against Sveshnikov Sicilian. In the present game
Black made a very interesting novelty and convincingly achieved a draw
practically by force.} Nd4 ({After another main continuation} 17... Qb7 {
Kasparov's move} 18. g4 $1 {sets some problems for Black:} Ne7 (18... b4 19.
Bg2 bxc3 20. bxc3 Qb5 21. Be4 Nd4 (21... Rb8 22. g5 Bxd5 23. Nxd5 Qc4 24. Qe2
Qxe2+ 25. Kxe2 $14 {1-0 Kudrin,S (2554)-Ishhanov,T (2342)/Minneapolis 2005 (39)
}) 22. g5 $1 (22. f3 Bxd5 23. Nxd5 Ne6 24. Kf2 Nf4 25. Nxf4 {1/2-1/2 Leko,P 
(2713)-Lautier,J (2687)/Dubai 2002}) 22... Rb8 23. Nf6+ Kh8 24. Nxh7 d5 25. Nf6
Qe2+ 26. Qxe2 Nxe2 27. Nfxd5 {and Black has a tough fight for a draw}) 19. Bg2
Nxd5 20. Bxd5 Qd7 (20... Qe7 21. h4 Qf6 (21... Rc8 22. Qd3 $14 {Leko} (22. g5
Rc5 23. Be4 d5 24. Nxd5 Bxd5 25. Bxd5 e4 $44 {1/2-1/2 Kasparov,G (2851)-Leko,P
(2725)/Wijk aan Zee 2000 (34)})) 22. Qd3 Qf4 23. Qxb5 Bxg4 (23... e4 $5) 24. h5
Kh8 25. Qc6 e4 26. Bxe4 Rc8 27. Qb7 Re8 $2 28. Rh4 $1 f5 29. h6 $18 {1-0
Azarov,S (2520)-McShane,L (2546)/Bled 2002 (33)}) 21. g5 $5 (21. h3 Kh8 22. Rg1
Rc8 23. Ke2 Rc5 24. Qd3 Bxd5 25. Nxd5 Qe6 26. Rd1 e4 27. Qd2 $11 {1/2-1/2
Dominguez,L (2612)-Zambrana,O (2472)/Havana 2004 (31)})) 18. Nc7 Qa2 19. Nxe6
fxe6 $5 $146 {[%mdl 8] Until now such a move didn't cross anyone's mind. Black
sacrifices the centralize knight using his lead in development.} ({After} 19...
Nxe6 20. Bd3 {White can claim a slight plus thanks to his better control over
the light squares. Nevertheless with precise play Black must keep the balance.}
Qxb2 (20... Nf4 21. O-O Nxd3 (21... d5 22. g3 $14 {Zontajh,A (2535)-Maletin,P 
(2479)/Vladimir 2005}) (21... Qxb2 22. g3 Nxd3 23. Qxd3 $44) 22. Qxd3 Qxb2 23.
Rb1 (23. Nf5 $5) (23. Nd5 $5 $44) 23... e4 $1 24. Qxe4 Qxc3 25. g3 Qc5 {
Kulaots,K (2513)-Eljanov,P (2571)/Kharkov 2003. and the draw was agreed.}) 21.
O-O Nc5 ({Better is} 21... Nf4 {transposing to 20...Nf4.}) (21... Qxc3 22.
Bxh7+ Kxh7 23. Qh5+ Bh6 (23... Kg8 24. Nd5 $18 {[%csl Rc3,Re7]}) 24. Ng4 Qd2
25. f4 $40) 22. Bf5 e4 23. Nd5 Re8 24. Qg4 Kf8 25. Bxh7 Re5 26. Nc7 $1 (26.
Qc8+ Re8 27. Qc6 Be5 $13 {1/2-1/2 Topalov,V (2743)-Grischuk,A (2712)/Wijk aan
Zee 2003 (66)}) 26... Ne6 27. f4 $1 exf3 28. Qxf3 Nd8 29. Qa8 Ke7 30. Bg8 {
[%cal Gg8f7] with a decisive attack}) 20. cxd4 Qxb2 ({Weaker is} 20... exd4 21.
Nc2 e5 22. Bd3 e4 23. Bxe4 Re8 24. f3 d5 25. Nb4 Qa5 26. Qb3 Kh8 27. O-O dxe4
28. fxe4 Rxe4 29. Nd3 {with advantage for White}) 21. Qd2 (21. Qc2 Qb4+ 22. Qd2
Qxd2+ 23. Kxd2 {is the same}) 21... Qxd2+ 22. Kxd2 Rxf2+ (22... exd4 $2 23. Nd1
$16) 23. Ke1 (23. Be2 $6 exd4 $15 {[%csl Rg2]}) 23... Ra2 24. dxe5 (24. d5 Bh6
25. Nd1 (25. Ng4 Bd2+ 26. Kd1 exd5 27. Nf6+ Kf7 28. Nxd5 Ba5 $44 (28... b4 $2
29. Nxb4 $1 Bxb4 30. Bc4+ $18)) 25... exd5 26. Bxb5 Rxg2 27. Bc6 Rd2 $11) 24...
Bxe5 {Active pieces and White's development problems secure Black enough play
for a draw.} 25. Be2 (25. Bxb5 $2 Bc3+ 26. Kd1 Ra1+ 27. Kc2 Rxh1 28. Kxc3 Rxh2
$17) ({A better try could be} 25. Nd1 {although after} b4 (25... d5 26. Bxb5
Rxg2 27. h3 $11) 26. Bc4 Rxg2 27. Bxe6+ Kg7 28. h3 Kf6 $44 {the position is
drawn. For instance:} 29. Bb3 (29. Bd5 Bg3+ 30. Kf1 Rd2 31. Bb3 Kg5 {[%cal
Gg5h4]} 32. Rg1 Kh4 33. Rg2 Rd4 {[%csl Rh3]}) (29. Bc4 Bg3+ 30. Kf1 Rd2 31. Bb3
Kg5 $11) 29... Bd4 30. Rf1+ Ke5 31. Rf7 (31. Nf2 Bxf2+ 32. Rxf2 Rxf2 33. Kxf2
Kf6 $11) 31... Rg3 $11) 25... Ra1+ 26. Bd1 (26. Nd1 b4 27. Bg4 Kf7 28. Rf1+ Ke7
$44 {[%csl Gb4]}) 26... b4 27. Rf1 d5 28. Kd2 Ra2+ 29. Kd3 Ra3+ 30. Ke2 Ra2+
31. Kd3 (31. Kf3 Ra3 $11) 31... Ra3+ 32. Ke2 Ra2+ 1/2-1/2

[Event "Kiev Spring"]
[Site "Kiev"]
[Date "2000.03.24"]
[Round "3"]
[White "Iordachescu, Viorel"]
[Black "Malakhatko, Vadim"]
[Result "1/2-1/2"]
[WhiteElo "2560"]
[BlackElo "2568"]
[Annotator "Rogozenco,D"]
[PlyCount "81"]
[EventDate "2000.03.22"]
[EventType "tourn"]
[EventRounds "11"]
[EventCountry "UKR"]
[EventCategory "11"]
[SourceTitle "CBM 077"]
[Source "ChessBase"]
[SourceDate "2000.07.27"]
[SourceVersion "1"]
[SourceVersionDate "2000.07.27"]
[SourceQuality "1"]

1. e4 c5 2. Nf3 e6 3. d4 cxd4 4. Nxd4 Nf6 5. Nc3 Nc6 6. Ndb5 d6 7. Bf4 e5 8.
Bg5 a6 9. Na3 b5 10. Nd5 Be7 11. Bxf6 Bxf6 12. c3 O-O 13. Nc2 Bg5 14. a4 bxa4
15. Rxa4 a5 16. Bb5 Bb7 17. O-O Ne7 18. Bc4 {Such move order is probably the
best attempt to fight for an opening advantage.} Bc6 (18... Kh8 19. Nxe7 Bxe7 (
19... Qxe7 $142 20. Bd5 $14) 20. Bd5 Qd7 21. Ne3 Bxd5 22. Nxd5 Rab8 23. b4 axb4
24. cxb4 $16 {Mork-Roos/Aalborg 1987}) (18... Nxd5 19. Bxd5 Qb6 20. b4 $14) 19.
Ra2 Rb8 $146 (19... Kh8 20. Nxe7 Qxe7 21. Bd5 Qb7 22. Bxc6 Qxc6 23. Qd3 $14 {
Dgebuadze-Nooijen/Utrecht 1999}) (19... Qb8 20. Nce3 Nxd5 21. Nxd5 Qb7 22. b3
Kh8 23. Qd3 $14 {1-0 Brumm,C-Hoyer,T/Germany 1988/ (42)}) 20. Qd3 (20. b4 axb4
21. Ncxb4 (21. cxb4 Nxd5 22. Bxd5 Bb5 23. Re1 Qd7 $11 {[%cal Gg5d8,Gd8b6]})
21... Bxd5 $11) 20... Nxd5 21. Bxd5 Bb5 22. Bc4 (22. c4 $6 Bd7 {[%csl Rb2]
[%cal Gb8b2,Ga5a4]}) 22... Bxc4 23. Qxc4 Qb6 24. b4 axb4 25. Nxb4 (25. cxb4
Rfc8 26. Qd3 $13) 25... Rfc8 26. Qd3 Ra8 27. Nd5 Qd8 $14 {White has a strong
Knight, but he cannot achieve anything real. Sveshnikov himself considers such
positions equal.} 28. Rxa8 Rxa8 29. g3 Rb8 30. Ra1 Qd7 31. Ra6 Bd8 32. Kg2 h5
33. h3 h4 34. g4 g6 35. Qc4 Bg5 36. Qc6 Qxc6 37. Rxc6 Rd8 38. Kf3 Kf8 39. Rc7
Ke8 40. Rb7 Rc8 41. Ke2 1/2-1/2

[Event "Tan Chin Nam Cup 5th"]
[Site "Shenyang"]
[Date "1999.07.16"]
[Round "8"]
[White "Ye, Jiangchuan"]
[Black "Krasenkow, Michal"]
[Result "1/2-1/2"]
[WhiteElo "2593"]
[BlackElo "2647"]
[Annotator "Rogozenco,D"]
[PlyCount "43"]
[EventDate "1999.07.08"]
[EventType "tourn"]
[EventRounds "9"]
[EventCountry "CHN"]
[EventCategory "13"]
[SourceTitle "CBM 073"]
[Source "ChessBase"]
[SourceDate "1999.12.01"]
[SourceVersion "1"]
[SourceVersionDate "1999.12.01"]
[SourceQuality "1"]

1. e4 c5 2. Nf3 Nc6 3. d4 cxd4 4. Nxd4 Nf6 5. Nc3 e5 6. Ndb5 d6 7. Bg5 a6 8.
Na3 b5 9. Nd5 Be7 10. Bxf6 Bxf6 11. c3 Ne7 12. Nxf6+ gxf6 {Thanks to the
efforts of M.Krasenkov, this line becomes more and more popular. Interesting
fact - after 10.Ne7 Ne7 11.Bf6 gf6 we reach the same position, but White's
pawn is still on c2, which only shows that move 10.Ne7 is doubtful.} 13. Nc2 (
13. Qd2 {is another main direction here.}) 13... Bb7 14. Bd3 d5 15. exd5 Qxd5
16. Ne3 Qe6 17. Qh5 O-O-O {Long castle, which is quite unusual for Sveshnikov
variation, is typical for 11. ... Ne7 line.} 18. Bc2 Kb8 (18... f5 $5 19. Nxf5
(19. Rd1 f4 $11 {Shabalov-Sermek/Nova Gorica/1999}) 19... Kb8 $44 {is another
interesting pawn sac, Leko-Nijboer/Ter Apel/1996}) 19. Bb3 Qb6 {Black's idea
in this line is to fight as quick as possible for the initiative. That's why
the sacrificion of a pawn (on f5 or f7) is normall here. It seems that
Krasenkow analized very consistent this opening.} 20. Rd1 (20. Bxf7 f5 $1 {
This looks even stronger than 20. ... Ng6.} (20... Ng6 21. Bxg6 hxg6 22. Qxg6
Rdg8 $5 (22... Rhg8 23. Qf5 Bxg2 24. Nxg2 Rxg2 $13) 23. Qf7 Bxg2 24. Rg1 Rf8
25. Qe7 Re8 $14) 21. Nxf5 (21. Rd1 Rxd1+ 22. Nxd1 (22. Kxd1 {is better, with
the idea Kc2, but Black should have good compensation for the pawn.}) 22...
Bxg2 23. Rg1 Be4 24. Rg7 Qd6 25. Bb3 Ng6 $17 {S-B.Hansen-Koc, Koszalin,98})
21... Nxf5 (21... Ng6 $2 22. Ne3 $16) (21... Bxg2 22. Rg1 Ng6 $13 {is another
interesting possibility.} 23. Rxg2 $140 $2 Nf4 24. Qf3 Nxg2+ 25. Qxg2 Qf6 $17)
22. Qxf5 Rhf8 $1 23. Qe6 (23. Qxe5+ Ka8 24. Qe7 (24. Qh5 Bxg2 (24... Qf6 $19)
25. Rg1 Rde8+ $1 $19) 24... Bxg2 25. Rg1 Bc6 $19 {/\26. ...Re8.}) (23. Qh5 $2
Qf6 $19) 23... Qc7 24. Bh5 Bxg2 (24... Qc5 25. O-O Rd2 26. Bf7 $13 Qc7 $140 $2
27. Qh6 $16) 25. Rg1 Rd6 26. Qb3 Bd5 27. Qc2 Rdf6 $44 {with a very good play
for Black.}) (20. Qxf7 Ng6 21. Bd5 {This looks to me the best way for White.} (
21. Nd5 $2 Bxd5 22. Bxd5 Rhf8 23. Qxh7 Nf4 24. Be4 f5 25. Bxf5 (25. g3 fxe4 26.
gxf4 Rxf4 27. O-O Qf6 $19) 25... Nd3+ 26. Bxd3 Qxf2+ 27. Kd1 Qxg2 28. Re1 Rf3
$19) (21. Bc2 $6 Nf4 $44) 21... Bc8 {Trying to exploit the position of the
Queen on f7.} (21... Bxd5 22. Nxd5 Qd6 23. O-O-O {and suddenly White wins.})
22. Bf3 (22. Be4 Rhf8 (22... f5 23. Bxf5 Rhf8 24. Bxg6 Rxf7 25. Bxf7 $13 {
White seems to have a very solid position here and in my opinion his chances
are slightly better.}) 23. Qxh7 f5 24. Bc2 Qf6 {looks like suddenly White's
Queen is in big danger.}) 22... f5 {Black probably has compensation for the
pawn, but the position needs further practical tests.}) 20... Ng6 21. O-O Nf4
22. Qxf7 {With an unnexpected draw. Difficult to give an evaluation of this
position without concrete variations. I'll try to look to the most forced
moves.} (22. Qxf7 Rxd1 (22... Nxg2 $2 23. Nxg2 Qc6 24. f3 $18) (22... Bxg2 23.
Rxd8+ (23. Nxg2 Nh3+ 24. Kh1 Rxd1 25. Bxd1 Nxf2+ 26. Rxf2 Qxf2 27. h3 Qf1+ 28.
Kh2 Qxd1 29. Qxf6 Qd8 30. Qxa6 $15) 23... Rxd8 24. Nxg2 Nh3+ 25. Kh1 Nxf2+ 26.
Rxf2 Qxf2 27. h3 {and draw is the most likely result.}) 23. Rxd1 Bxg2 24. Qe7 (
24. Nxg2 $2 Nh3+ $19) 24... Qb7 25. Qxb7+ Bxb7 26. Rd6 Rf8 27. Ng4 f5 28. Nf6
$13 {Black should be OK here, although the position remains very concrete.})
1/2-1/2

[Event "Goodricke op 13th"]
[Site "Kolkata"]
[Date "2002.03.23"]
[Round "7"]
[White "Barua, Dibyendu"]
[Black "Sermek, Drazen"]
[Result "1/2-1/2"]
[WhiteElo "2515"]
[BlackElo "2595"]
[Annotator "Rogozenco,D"]
[PlyCount "85"]
[EventDate "2002.03.17"]
[EventType "swiss"]
[EventRounds "11"]
[EventCountry "IND"]
[SourceTitle "CBM 088"]
[Source "ChessBase"]
[SourceDate "2002.03.21"]
[SourceVersion "1"]
[SourceVersionDate "2002.03.21"]
[SourceQuality "1"]

1. e4 c5 2. Nf3 e6 3. d4 cxd4 4. Nxd4 Nf6 5. Nc3 Nc6 6. Ndb5 d6 7. Bf4 e5 8.
Bg5 a6 9. Na3 b5 10. Bxf6 gxf6 11. Nd5 f5 12. c3 Bg7 13. exf5 Bxf5 14. Nc2 O-O
15. Nce3 Be6 16. Bd3 f5 17. a4 {A rare move, which allows Black an immediate
counterplay.} (17. Qh5) (17. Bc2) (17. O-O) 17... b4 $1 {Thanks to this
energetic move Black solves easily opening problems and even hopes to take
over the initiative.} 18. O-O (18. cxb4 $6 e4 19. Bc4 (19. Nf4 Bf7 (19... Nxb4
$5) 20. Bc4 Bxb2) 19... f4 20. Nxf4 Bxc4 21. Nxc4 Nxb4 (21... Rxf4 22. Qd5+ Kh8
23. Qxc6) 22. Qb3 d5 23. Qxb4 Rxf4 $44) (18. Nxb4 $2 Nxb4 19. cxb4 e4 20. Bc4
Bxc4 21. Nxc4 d5 $17) 18... Kh8 $5 $146 (18... bxc3 19. bxc3 Kh8 20. Rb1 e4 21.
Nf4 Bd7 22. Bc4 Be5 23. Ne6 Bxe6 24. Bxe6 Qg5 25. Bd5 Rac8 $11 {1-0 Leko,
P-Kramnik,V/Frankfurt 2000 (46)}) 19. Bc2 (19. cxb4 e4 (19... f4 $2 20. Qh5)
20. Nf4 (20. Bc2 Bxb2 (20... f4 21. Nc4 Bxd5 22. Qxd5 Nxb4 23. Qxe4 Nxc2 24.
Qxc2 f3 $44)) (20. Bc4 f4 $36) 20... Bd7 (20... Bf7 21. Bc4) 21. Bc4 Bxb2 $13 {
/\ 22. ... Be5}) (19. Nxb4 $6 Nxb4 20. cxb4 d5 $44) (19. Bc4 $2 bxc3 20. bxc3
f4 $17) 19... bxc3 20. bxc3 Ne7 {The opening result is favourable for Black,
who has a very comfortable position. White's task is to keep control over
square d5 at any price, otherwise Black will be much better.} 21. Rb1 (21. Bb3
$2 f4 {A typical move after which the bishop left the diagonal b1-h7.}) 21...
Nxd5 22. Nxd5 Rc8 23. Rb7 Rc5 24. Bb3 Qa8 25. Nc7 Qxb7 26. Nxe6 Rxc3 27. Bd5 (
27. Nxf8 $2 Qxb3 28. Qxd6 Qa3 29. Qxa3 Rxa3 30. Ne6 Rxa4 31. Rb1 Kg8 32. h3 Bf6
$17) 27... Qe7 28. Nxf8 Qxf8 29. Qh5 Rc5 30. Rd1 {White's strong bishop on d5
secures good drawing chances.} e4 {Otherwise is difficult to achieve anything,
but this advance fixes the pawns on the light squares. After the trade of
queens the arising endgame is just drawish.} 31. g3 a5 (31... Be5 32. Be6) 32.
Qf7 Qxf7 (32... Qc8 33. Be6) 33. Bxf7 Be5 34. Be6 $1 (34. Rb1 Kg7 $17) 34... f4
35. gxf4 Bxf4 36. Rd5 $11 Rc1+ 37. Kg2 Rc2 (37... Ra1 38. Rxa5) 38. Rd4 Be3 39.
Rxe4 Bxf2 40. Rg4 Bd4+ 41. Kf3 Rc3+ 42. Kg2 Bg7 43. Rc4 1/2-1/2

[Event "Mario Covas 1st"]
[Site "Santos"]
[Date "2001.02.04"]
[Round "7"]
[White "Rodriguez Vila, Andres"]
[Black "Matsuura, Everaldo"]
[Result "1-0"]
[WhiteElo "2493"]
[BlackElo "2452"]
[Annotator "Rogozenco,D"]
[PlyCount "87"]
[EventDate "2001.01.29"]
[EventType "tourn"]
[EventRounds "11"]
[EventCountry "BRA"]
[EventCategory "8"]
[SourceTitle "CBM 082"]
[Source "ChessBase"]
[SourceDate "2001.05.17"]
[SourceVersion "1"]
[SourceVersionDate "2001.05.17"]
[SourceQuality "1"]

1. e4 c5 2. Nf3 Nc6 3. d4 cxd4 4. Nxd4 Nf6 5. Nc3 e5 6. Ndb5 d6 7. Bg5 a6 8.
Na3 b5 9. Bxf6 gxf6 10. Nd5 Bg7 11. g3 f5 12. exf5 Bxf5 (12... e4 13. c3 (13.
f6 $6 Bxf6 14. Nxf6+ Qxf6 15. Qd5 O-O $1 $36 {0-1 Ljubojevic,L-Kramnik,V/
Belgrade 1995/ (23)}) 13... Ne5 14. Be2 Bxf5 15. Nc2 O-O 16. O-O Rb8 17. Qd2
Be6 18. Rad1 a5 19. b3 Qd7 (19... Ng6) 20. Nf4 Rfd8 21. Nh5 Bg4 22. Nxg7 Bxe2
$2 23. Qxe2 Nf3+ 24. Kg2 Qg4 25. Nd4 $1 $16 {1-0 Peptan,C-Jelen,I/Ljubljana
1997/ (41)}) 13. Bg2 e4 (13... O-O 14. c3 e4 15. O-O Ne5 16. Nc2 Bg4 17. Qd2 f5
18. Nd4 Nc4 $13 {1/2-1/2 Feher,G-Nikcevic,N/Budapest 1990/ (41)}) 14. c3 Ne5
15. O-O Bg4 16. Qc2 {A novelty in this position. The whole variation has a
reputation to be enough for Black to reach good play and this move can hardly
change the evaluation.} (16. Qb3 Nf3+ 17. Kh1 O-O 18. Ne3 Be6 19. Qd1 b4 20.
Nac2 bxc3 21. bxc3 Bxc3 22. Bxf3 exf3 23. Qxf3 Bxa1 24. Rxa1 Rc8 $19 {0-1
Teran Alvarez,I-Ikonnikov,V/Portugal POR 2000/ (37)}) (16. Qd2 Bf3 17. Nc2 O-O
18. Ne1 (18. Nd4) 18... Bxg2 19. Kxg2 Re8 (19... f5 $132) 20. Qe2 Rc8 21. Rd1 (
21. Qxe4 $1) 21... Nc4 22. f3 e3 23. Rd3 Rc5 24. Nc2 Qa8 25. Rfd1 $2 Nxb2 26.
Ncxe3 Nxd1 27. Qxd1 Qd8 $19 {0-1 Herb P.-Rainfray A./France 2000 (41)}) 16...
Bf3 (16... f5 17. Ne3 $1 (17. Qb3 Bh5 $1 {[%cal Gh5f7]}) 17... O-O 18. Nxg4
Nxg4 19. Rad1 $14) 17. Bxf3 Nxf3+ 18. Kg2 O-O 19. Rad1 (19. Qxe4 $5 Nd2 20. Qf5
Nxf1 21. Rxf1 {White has good positional compensation for the exchange thanks
to much better pawn structure and a strong Knight on d5.}) 19... f5 20. Qc1 (
20. Qb3 Kh8 21. Nc2 Qg5 $1 $36 {[%cal Rg5h5]}) 20... Ra7 (20... Qe8 $5 {
with the same idea - to bring the Queen to h5 - was worth consideration.} 21.
Nc7 $6 Qh5 22. h3 Ra7 23. Ne6 Bh6 24. Qc2 Rf6 $36 25. Rxd6 $140 $2 Bf8 26. Rc6
$2 Qxh3+ $1 27. Kxh3 Rh6+ 28. Kg2 Rh2#) 21. Nc2 f4 $1 {The right move. Black
must open the position of the opponent's King, using the fact that he's got a
very strong Knight on f3 and with its help is possible to create dangerous
threats.} 22. Nd4 (22. Ne1 Nxh2 $1 23. Kxh2 (23. Rh1 fxg3 24. fxg3 Ng4 $19)
23... fxg3+ 24. Kxg3 (24. Kg2 gxf2 25. Rxf2 Rxf2+ 26. Kxf2 Qh4+ 27. Kg1 (27.
Ke2 Rf7 $19) 27... Be5 28. Rd2 Rg7+ 29. Rg2 Qh2+ 30. Kf2 Bg3+ 31. Ke2 Qh5+ 32.
Kf1 Qxd5 $19) 24... Be5+ $19) (22. Nxf4 $142 Bh6 $40) 22... Nxd4 $1 23. cxd4
Qa8 24. Nxf4 e3+ 25. d5 (25. f3 Rxf4 26. Qxe3 Rff7 $19) 25... Rxf4 26. Qxe3
Rff7 {Of course Black is winning, although there are still certain technical
problems.} 27. Rd2 Rac7 $6 {Black cannot control both e- and c-file and he
decided to take the c-file. It seems to be the wrong choice. Suddenly White
gets some activity thanks to e6-square.} (27... Rae7 28. Qb6) (27... Qd8 28.
Rc1 Rae7 29. Qa3 a5 $19 30. Rc6 b4 31. Qa4 Re1 32. Rdc2 Qf6 $19 {[%csl Rd5]
[%cal Rf6d4,Rd4d1,Gf6f3]}) 28. Re1 Bf8 (28... Rce7 $2 29. Qxe7 Rxe7 30. Rxe7
$13) 29. Rd4 Bg7 30. Rd2 Qa7 31. Qg5 Rce7 32. Re6 h6 $2 {All this was played
probably in time trouble, otherwise it cannot be explained how Black succeded
to lose the game.} 33. Rxh6 Re5 34. Qg4 Ref5 $2 (34... Qc5 {[%csl Rd5]}) 35. f4
Qc5 36. Rg6 R5f6 (36... Rxd5 $2 37. Rxg7+ Rxg7 38. Qe6+ $18) 37. Rg5 Re7 38. h4
Qe3 39. Rf2 Qe4+ 40. Kh2 Qd4 41. Rg2 {Now White is out of danger and maybe is
even slightly better. His King is well protected, while the material is
approximately equal - three pawns for the Bishop. On the other hand black King
is more exposed and Black must be careful.} Qd3 42. h5 Kh7 43. Qc8 Re2 $2 {
Pity. After playing very good the first half of the game, Black even loses by
blundering in the end.} (43... a5 $11) 44. Rxg7+ 1-0